Piedra libre para la matemática!: aportes y reflexiones para una renovación metodológica en la EGB

Saved in:
Bibliografiske detaljer
Hovedforfatter: Villella, José (Author)
Format: Bog
Sprog:spansk
Udgivet: Buenos Aires Aique 1998
Udgivelse:1a. ed
Serier:Carrera Docente
Fag:
Tags: Tilføj Tag
Ingen Tags, Vær først til at tagge denne postø!

MARC

LEADER 00000nam a2200000 a 4500
001 UCK7345
003 CL-VaPUC
008 051118e19980000AG |||||||||||||||||spa|d
020 |a 9507014837 
082 0 4 |a 372.7  |b VIL  |2 21 
100 0 |a Villella, José  |e author  |9 496865 
245 1 0 |a Piedra libre para la matemática!: aportes y reflexiones para una renovación metodológica en la EGB 
250 |a 1a. ed 
300 |a 192 p 
942 |c BK 
945 |d 20051118 00:00:00  |a cmena 
260 |a Buenos Aires  |b Aique  |c 1998 
650 0 |a Matemáticas  |x Enseñanza  |9 875527 
650 0 |a Educación básica   |9 224933 
650 0 |a Métodos de enseñanza  |9 270413 
650 0 |a Filosofía de la educación   |9 258384 
650 0 |a Planificación del currículo  |9 269599 
583 |a last modification  |c 20051118 00:00:00  |k Rodrigo Vera 
490 0 |a Carrera Docente 
999 |c 315330  |d 315328 
952 |0 0  |1 0  |4 0  |6 372_700000000000000_VIL_1998  |7 0  |8 A  |9 388434  |a BIBEDU  |b BIBEDU  |d 2019-11-22  |i 4182871  |o 372.7 VIL 1998  |p 4182871  |r 2019-11-22  |w 2019-11-22  |y BK  |k EBA